|
|
|
|
| LEADER |
00000nam a22000007a 4500 |
| 008 |
240703b |||||||| |||| 00| 0 eng d |
| 020 |
|
|
|a 9787353880156
|
| 100 |
|
|
|a MUKHOPADHYAY, Amal Kumar
|
| 245 |
|
|
|a Western political thought
|b :from ancient Greeks to modern political scientists
|c Amal Kumar Mukhopadhyay
|g xv, 300p;ill
|
| 260 |
|
|
|b SAGE
|c 2020
|h New Delhi
|i 701231
|i 701232
|l JA81.M89
|m Political science- History
|
| 500 |
|
|
|a it includes index
|
| 942 |
|
|
|a lcc
|c BK
|e Johnson
|f 03/07/24
|
| 952 |
|
|
|0 0
|1 0
|2 lcc
|4 0
|6 JA0081 M89
|7 0
|9 5366
|a SSL
|b HOL
|c GJ
|d 2024-07-03
|l 0
|o JA81.M89
|p 2024-0607
|r 2024-07-03 00:00:00
|t 701231
|w 2024-07-03
|y BK
|
| 952 |
|
|
|0 0
|1 0
|2 lcc
|4 0
|6 JA0081 M89
|7 0
|9 5367
|a HOL
|b HOL
|c GJ
|d 2024-07-03
|l 0
|o JA81.M89
|p 2024-0608
|r 2024-07-03 00:00:00
|t 701232
|w 2024-07-03
|y BK
|
| 999 |
|
|
|c 2656
|d 2656
|